000
00212nam a22000857a 4500
008
160624b xxu||||| |||| 00| 0 eng d
100
_9
1095
_a
Pirovolos, N
245
_a
Too Mean to Die
260
_a
Ill
_b
Living Books
_c
1982
999
_c
881
_d
881